000 00547nmm a2200157Ia 4500
008 251105s9999||||xx |||||||||||||||||und||
020 _a9788437099293
041 _aspa
100 _aRubio Gil, Alejandro
245 0 _aEl alfabeto griego clásico :
_b Prácticas básicas de lectoescritura griega
264 _a[Madrid, España] :
_bPublicaciones de la Universidad de Valencia (PUV),
_c2016
300 _a180 páginas
650 _aGreek- Latin literature and language
856 _uhttps://public.digitaliapublishing.com/a/44381
942 _cCF
999 _c82715
_d82715